[Event "Heusenstamm Sparkassen op-B 6th"]
[Site "Heusenstamm"]
[Date "2019.11.24"]
[Round "7"]
[White "Haas, Vanessa"]
[Black "Stepanov, Maximilian"]
[Result "1-0"]
[WhiteElo "1706"]
[BlackElo "1561"]
[PlyCount "77"]
[EventDate "2019.11.21"]
[EventType "swiss"]
[EventRounds "7"]
[EventCountry "GER"]
[SourceTitle "CBM 194 Extra"]
[Source "ChessBase"]
[SourceDate "2020.03.31"]
[SourceVersion "1"]
[SourceVersionDate "2020.03.31"]
[SourceQuality "1"]

1. e4 e6 2. d4 d5 3. Nd2 Nf6 4. e5 Nfd7 5. Bd3 c5 6. c3 Nc6 7. Ndf3 a6 8. Ne2 cxd4 9. cxd4 f6 10. exf6 Nxf6 11. a3 Bd6 12. Bf4 0-0 13. Bg3 b5 14. Qc2 Bb7 15. Ng5 Qe7 16. Bxd6 Qxd6 17. Bxh7+ Kh8 18. Qd3 e5 19. Bg6 Kg8 20. Qg3 Qe7 21. Bf5 Bc8 22. Bxc8 Raxc8 23. dxe5 Nxe5 24. 0-0 Rc2 25. Nd4 Rxb2 26. Rae1 Nfd7 27. Nc6 Qd6 28. Nxe5 Nxe5 29. Qxe5 Qxe5 30. Rxe5 Ra2 31. Re3 a5 32. g3 b4 33. axb4 axb4 34. Rb3 Rb8 35. Rfb1 d4 36. Ne6 Rd2 37. Ng5 Rb5 38. Nf3 Rc2 39. Nxd4 1-0

[Event "Heusenstamm Sparkassen op-B 6th"]
[Site "Heusenstamm"]
[Date "2019.11.22"]
[Round "3"]
[White "Plattner, Rolf"]
[Black "Stepanov, Maximilian"]
[Result "1/2-1/2"]
[WhiteElo "1787"]
[BlackElo "1561"]
[PlyCount "40"]
[EventDate "2019.11.21"]
[EventType "swiss"]
[EventRounds "7"]
[EventCountry "GER"]
[SourceTitle "CBM 194 Extra"]
[Source "ChessBase"]
[SourceDate "2020.03.31"]
[SourceVersion "1"]
[SourceVersionDate "2020.03.31"]
[SourceQuality "1"]

1. e4 e6 2. d4 d5 3. Nc3 Nf6 4. e5 Nfd7 5. f4 c5 6. Nf3 Nc6 7. Ne2 cxd4 8. Nexd4 a6 9. c3 Be7 10. Bd3 Nc5 11. Bc2 0-0 12. 0-0 Qc7 13. Qe2 Nd7 14. Qd3 g6 15. b4 b5 16. Be3 Nb6 17. g4 Nxd4 18. Bxd4 Nc4 19. a3 a5 20. Qe2 Bd7 1/2-1/2

[Event "GER-ch U25-B"]
[Site "Willingen"]
[Date "2019.06.15"]
[Round "9"]
[White "Schilay, Maria"]
[Black "Stepanov, Maximilian"]
[Result "1-0"]
[WhiteElo "1415"]
[BlackElo "1615"]
[PlyCount "89"]
[EventDate "2019.06.08"]
[EventType "swiss"]
[EventRounds "9"]
[EventCountry "GER"]
[SourceTitle "EXT 2020"]
[Source "ChessBase"]
[SourceDate "2019.10.17"]
[SourceVersion "1"]
[SourceVersionDate "2019.10.17"]
[SourceQuality "1"]

1. e4 e6 2. d4 d5 3. Nd2 Nf6 4. e5 Nfd7 5. Bd3 c5 6. c3 Nc6 7. Ne2 cxd4 8. cxd4 f6 9. exf6 Nxf6 10. Nf3 Bd6 11. Bf4 0-0 12. 0-0 Ne4 13. Bxd6 Nxd6 14. Qc2 h6 15. a3 Bd7 16. Rad1 Rc8 17. Qb1 Ne7 18. Ne5 Bb5 19. Ng3 Bxd3 20. Rxd3 Nc4 21. Re1 Nc6 22. Nf3 Qd6 23. b4 b5 24. Qa2 Rcd8 25. Qe2 Rfe8 26. h3 Re7 27. Qf1 Rf8 28. Re2 e5 29. dxe5 N6xe5 30. Nxe5 Rxe5 31. Qe1 Rxe2 32. Qxe2 Qc6 33. Qg4 Re8 34. Nf5 Re1+ 35. Kh2 Qc7+ 36. Rg3 Kh7 37. Qxg7+ Qxg7 38. Rxg7+ Kh8 39. Rxa7 Ra1 40. Rd7 Rd1 41. Nxh6 d4 42. Ng4 Nxa3 43. Nf6 Rh1+ 44. Kxh1 d3 45. Rh7# 1-0

[Event "GER-ch U25-B"]
[Site "Willingen"]
[Date "2019.06.13"]
[Round "7"]
[White "Obciety, Sandra"]
[Black "Stepanov, Maximilian"]
[Result "1/2-1/2"]
[WhiteElo "1619"]
[BlackElo "1615"]
[PlyCount "142"]
[EventDate "2019.06.08"]
[EventType "swiss"]
[EventRounds "9"]
[EventCountry "GER"]
[SourceTitle "CBM 191 Extra"]
[Source "ChessBase"]
[SourceDate "2019.09.30"]
[SourceVersion "1"]
[SourceVersionDate "2019.09.30"]
[SourceQuality "1"]

1. e4 e6 2. d4 d5 3. Bd3 Nf6 4. e5 Nfd7 5. c3 c5 6. Nf3 Nc6 7. 0-0 cxd4 8. cxd4 f6 9. Re1 fxe5 10. Nxe5 Ndxe5 11. dxe5 g6 12. Nd2 Bg7 13. Nf3 0-0 14. Bg5 Qb6 15. Qd2 Bd7 16. Bh6 Ne7 17. Bxg7 Kxg7 18. Nh4 Rf7 19. Re3 Raf8 20. Rf3 Rxf3 21. Nxf3 Bb5 22. Bc2 Bc6 23. Nd4 Bd7 24. Nf3 Qxb2 25. Rb1 Qxa2 26. Rxb7 Qa1+ 27. Qd1 Qxd1+ 28. Bxd1 Rd8 29. Ng5 Kg8 30. Rxa7 Nf5 31. Nxh7 Kxh7 32. Ba4 g5 33. Bxd7 Kg6 34. Bxe6 d4 35. Rd7 Rb8 36. g3 Rb1+ 37. Kg2 Rb2 38. Bxf5+ Kxf5 39. Rxd4 Kxe5 40. Ra4 Kf5 41. Ra5+ Kg6 42. h3 Rc2 43. Kf3 Rc3+ 44. Kg4 Rc4+ 45. f4 gxf4 46. Ra6+ Kf7 47. gxf4 Kg7 48. Kg5 Rc3 49. Ra7+ Kf8 50. h4 Rg3+ 51. Kf6 Kg8 52. f5 Rh3 53. Kg5 Rg3+ 54. Kf4 Rh3 55. Kg4 Rh1 56. Ra3 Kg7 57. Ra6 Rg1+ 58. Kh5 Rf1 59. Rg6+ Kf7 60. Kg5 Rg1+ 61. Kh6 Rf1 62. Rg5 Kf6 63. h5 Rf2 64. Rg8 Kf7 65. Rg5 Kf6 66. Rg6+ Kxf5 67. Kg7 Ra2 68. Rf6+ Kg5 69. h6 Ra7+ 70. Rf7 Rxf7+ 71. Kxf7 Kxh6 1/2-1/2

[Event "GER-ch U25-B"]
[Site "Willingen"]
[Date "2019.06.12"]
[Round "6"]
[White "Stepanov, Maximilian"]
[Black "Bardorz, Stefan"]
[Result "1/2-1/2"]
[WhiteElo "1615"]
[BlackElo "1646"]
[PlyCount "42"]
[EventDate "2019.06.08"]
[EventType "swiss"]
[EventRounds "9"]
[EventCountry "GER"]
[SourceTitle "CBM 191 Extra"]
[Source "ChessBase"]
[SourceDate "2019.09.30"]
[SourceVersion "1"]
[SourceVersionDate "2019.09.30"]
[SourceQuality "1"]

1. d4 d5 2. c4 e6 3. Nc3 Nf6 4. cxd5 exd5 5. Bg5 c6 6. e3 Be7 7. Bd3 0-0 8. Qc2 Nbd7 9. Nf3 Re8 10. h3 Nf8 11. 0-0 Ne4 12. Bf4 Bd6 13. Bxd6 Nxd6 14. b4 Qf6 15. b5 Bxh3 16. bxc6 bxc6 17. Ne5 Bxg2 18. Kxg2 Qg5+ 19. Kf3 Qh5+ 20. Kg2 Qg5+ 21. Kf3 Qh5+ 1/2-1/2

[Event "GER-ch U25-B"]
[Site "Willingen"]
[Date "2019.06.11"]
[Round "4"]
[White "Stepanov, Maximilian"]
[Black "Halle, Julia"]
[Result "0-1"]
[WhiteElo "1615"]
[BlackElo "1634"]
[PlyCount "144"]
[EventDate "2019.06.08"]
[EventType "swiss"]
[EventRounds "9"]
[EventCountry "GER"]
[SourceTitle "CBM 191 Extra"]
[Source "ChessBase"]
[SourceDate "2019.09.30"]
[SourceVersion "1"]
[SourceVersionDate "2019.09.30"]
[SourceQuality "1"]

1. d4 Nf6 2. Nf3 d5 3. c4 e6 4. Nc3 Be7 5. Bf4 0-0 6. e3 c6 7. h3 Nbd7 8. c5 b6 9. b4 bxc5 10. bxc5 Qa5 11. Qd2 Bd8 12. Bd3 Ba6 13. 0-0 Bxd3 14. Qxd3 Bc7 15. Bxc7 Qxc7 16. Rab1 e5 17. Qa6 exd4 18. exd4 Rab8 19. a3 Rxb1 20. Rxb1 Rb8 21. Rxb8+ Nxb8 22. Qa4 h6 23. Na2 Ne4 24. Nb4 f6 25. Na6 Nxa6 26. Qxa6 Kf7 27. Kf1 Ke6 28. Ke2 h5 29. a4 g5 30. Ne1 Kf5 31. Qd3 Ke6 32. Qe3 Qf4 33. Qxf4 gxf4 34. a5 Kf5 35. Nd3 Nc3+ 36. Kf3 Nb5 37. Nxf4 Nxd4+ 38. Ke3 Nb3 39. Nd3 Nxa5 40. Nb4 Nc4+ 41. Kd4 Ne5 42. g3 a5 43. Na2 Nf3+ 44. Ke3 Ng5 45. h4 Ne4 46. Nc1 Nxc5 47. f3 a4 48. Kd4 Nb3+ 49. Nxb3 axb3 50. Kc3 b2 51. Kxb2 d4 52. Kc2 c5 53. Kd3 Ke5 54. Kc4 f5 55. Kd3 f4 56. g4 hxg4 57. fxg4 f3 58. h5 c4+ 59. Kd2 c3+ 60. Ke1 f2+ 61. Kxf2 c2 62. h6 c1Q 63. h7 Qc2+ 64. Kg3 Qxh7 65. g5 d3 66. g6 Qxg6+ 67. Kf3 Qe4+ 68. Kg3 d2 69. Kf2 d1R 70. Kg3 Rf1 71. Kh2 Qg6 72. Kh3 Rh1# 0-1

[Event "GER-ch U25-B"]
[Site "Willingen"]
[Date "2019.06.09"]
[Round "2"]
[White "Stepanov, Maximilian"]
[Black "Thumm, Felix"]
[Result "1/2-1/2"]
[WhiteElo "1615"]
[BlackElo "1836"]
[PlyCount "112"]
[EventDate "2019.06.08"]
[EventType "swiss"]
[EventRounds "9"]
[EventCountry "GER"]
[SourceTitle "CBM 191 Extra"]
[Source "ChessBase"]
[SourceDate "2019.09.30"]
[SourceVersion "1"]
[SourceVersionDate "2019.09.30"]
[SourceQuality "1"]

1. d4 d5 2. c4 e6 3. Nc3 Nf6 4. Nf3 b6 5. Bf4 Bb7 6. e3 Bd6 7. Bxd6 Qxd6 8. Nb5 Qb4+ 9. Qd2 Qe7 10. cxd5 Nxd5 11. Rc1 a6 12. Nc3 0-0 13. Nxd5 Bxd5 14. Qc2 Rc8 15. Bd3 g6 16. e4 Bb7 17. 0-0 c5 18. dxc5 Rxc5 19. Qd2 Nd7 20. b4 Rxc1 21. Rxc1 Nf6 22. e5 Nd5 23. a3 a5 24. Qh6 Qf8 25. Qxf8+ Kxf8 26. b5 Nf4 27. Ne1 Bxg2 28. Nxg2 Nxd3 29. Rc6 Nxe5 30. Rxb6 Nc4 31. Ra6 Rxa6 32. bxa6 Ke7 33. Ne3 Nb6 34. a7 Kd7 35. Nc4 Na8 36. Nxa5 Kc7 37. Nc4 f6 38. Kg2 Kb7 39. Nd6+ Kxa7 40. Ne4 f5 41. Ng5 Nc7 42. Nxh7 Nb5 43. Nf8 Nxa3 44. Nxg6 Nb5 45. h4 Nd6 46. f4 Kb7 47. Nf8 Kc7 48. Nxe6+ Kd7 49. Ng5 Ke7 50. Kf3 Kf6 51. Ke3 Ne8 52. h5 Kg7 53. Kd4 Kh6 54. Ke5 Ng7 55. Kf6 Nxh5+ 56. Kxf5 Nxf4 1/2-1/2

[Event "Pfalz op-B 10th"]
[Site "Neustadt an der Weinstrasse"]
[Date "2019.03.03"]
[Round "4"]
[White "Werner, Tom"]
[Black "Stepanov, Maximilian"]
[Result "1-0"]
[WhiteElo "1762"]
[BlackElo "1549"]
[PlyCount "53"]
[EventDate "2019.03.01"]
[EventType "swiss"]
[EventRounds "7"]
[EventCountry "GER"]
[SourceTitle "CBM 189 Extra"]
[Source "ChessBase"]
[SourceDate "2019.05.31"]
[SourceVersion "1"]
[SourceVersionDate "2019.05.31"]
[SourceQuality "1"]

1. c4 e6 2. Nc3 Nf6 3. d4 d5 4. Bg5 Nbd7 5. Nf3 c6 6. e3 Bb4 7. a3 Bd6 8. e4 dxe4 9. Nxe4 Be7 10. Nc3 0-0 11. Be2 c5 12. dxc5 Nxc5 13. 0-0 Nce4 14. Qxd8 Bxd8 15. Bxf6 Nxf6 16. Rad1 b6 17. Nb5 Ne4 18. Ne5 Bb7 19. Bf3 Nc5 20. b4 Bxf3 21. gxf3 Na6 22. Nc6 Nc7 23. Rxd8 Rfxd8 24. Nxc7 Rd6 25. Nxa8 Rxc6 26. Rd1 Rc8 27. Nc7 1-0

[Event "Heusenstamm Sparkassen op-B 5th"]
[Site "Heusenstamm"]
[Date "2018.11.23"]
[Round "3"]
[White "Von Beckh, Frieda"]
[Black "Stepanov, Maximilian"]
[Result "1-0"]
[WhiteElo "1262"]
[BlackElo "1416"]
[PlyCount "87"]
[EventDate "2018.11.22"]
[EventType "swiss"]
[EventRounds "7"]
[EventCountry "GER"]
[SourceTitle "CBM 187 Extra"]
[Source "ChessBase"]
[SourceDate "2018.11.04"]
[SourceVersion "1"]
[SourceVersionDate "2018.11.04"]
[SourceQuality "1"]

1. e4 d6 2. d4 g6 3. Nc3 Bg7 4. Be3 Nd7 5. Qd2 e6 6. 0-0-0 c6 7. Be2 d5 8. Nf3 a6 9. Bf4 b5 10. Ne5 Nxe5 11. Bxe5 Nf6 12. h3 0-0 13. f3 Qb6 14. g4 a5 15. h4 Bd7 16. Qf4 Ne8 17. h5 a4 18. Rd3 Bc8 19. g5 b4 20. hxg6 bxc3 21. gxh7+ Kh8 22. Rxc3 Ba6 23. Bxa6 Rxa6 24. Rh6 Qb7 25. Rxe6 fxe6 26. Qxf8+ Kxh7 27. Qxe8 Qb5 28. Qh5+ Kg8 29. Qe8+ Kh7 30. Rd3 a3 31. b3 Qb4 32. c3 Qb5 33. Kd2 Qb7 34. f4 Bxe5 35. fxe5 Ra8 36. Qh5+ Kg8 37. Rh3 Qg7 38. exd5 cxd5 39. Qh6 Ra7 40. Qxe6+ Rf7 41. g6 Qf8 42. gxf7+ Kg7 43. Qh6+ Kxf7 44. Qxf8+ 1-0

[Event "GER-ch U12"]
[Site "Willingen"]
[Date "2018.05.21"]
[Round "3"]
[White "Stepanov, Maximilian"]
[Black "Hagenbeck Huebert, Ben"]
[Result "1-0"]
[WhiteElo "1527"]
[BlackElo "1749"]
[PlyCount "81"]
[EventDate "2018.05.19"]
[EventType "swiss"]
[EventRounds "11"]
[EventCountry "GER"]
[SourceTitle "CBM 184 Extra"]
[Source "ChessBase"]
[SourceDate "2018.06.28"]
[SourceVersion "1"]
[SourceVersionDate "2018.06.28"]
[SourceQuality "1"]

1. d4 d5 2. c4 c6 3. Nc3 Nf6 4. Bf4 g6 5. Nf3 Bg7 6. e3 0-0 7. h3 Re8 8. c5 Nbd7 9. Be2 b6 10. cxb6 axb6 11. 0-0 Bb7 12. a3 Ne4 13. Qc2 e5 14. dxe5 Nxe5 15. Nxe4 Nxf3+ 16. gxf3 dxe4 17. fxe4 c5 18. f3 Qh4 19. Kg2 Be5 20. Qc1 f5 21. Bc4+ Kf8 22. exf5 Bxf4 23. exf4 gxf5 24. Qc3 Bd5 25. Qh8+ Ke7 26. Qe5+ Kd7 27. Qxd5+ Kc7 28. Qxf5 Ra4 29. Rad1 Re7 30. Bb5 Rxf4 31. Rd7+ Kb8 32. Rd8+ Ka7 33. Qc8 Rg7+ 34. Kh1 Qxd8 35. Qxd8 Rd4 36. Qf8 Rg3 37. Kh2 Rg6 38. Re1 Rd2+ 39. Kh1 Rgg2 40. Re7+ Rd7 41. Rxd7# 1-0

[Event "GER-chT U16"]
[Site "Walldorf"]
[Date "2017.12.30"]
[Round "7.4"]
[White "Schmid, Tim"]
[Black "Stepanov, Maximilian"]
[Result "0-1"]
[WhiteElo "1055"]
[BlackElo "1498"]
[PlyCount "126"]
[EventDate "2017.12.26"]
[EventType "team-swiss"]
[EventRounds "7"]
[EventCountry "GER"]
[SourceTitle "CBM 182 Extra"]
[Source "ChessBase"]
[SourceDate "2018.02.23"]
[SourceVersion "1"]
[SourceVersionDate "2018.02.23"]
[SourceQuality "1"]
[WhiteTeam "Schwaebisch Gmuend"]
[BlackTeam "Graefelfing"]
[WhiteTeamCountry "GER"]
[BlackTeamCountry "GER"]

1. e4 d6 2. d4 g6 3. Nc3 Bg7 4. Nf3 Bg4 5. h3 Bxf3 6. gxf3 Nd7 7. a4 a6 8. b3 c5 9. Be3 Qa5 10. Qd2 Rc8 11. Ne2 Qxd2+ 12. Kxd2 Ngf6 13. Rb1 0-0 14. c3 cxd4 15. Nxd4 Ne5 16. Bg5 Rfe8 17. Rg1 Nc6 18. Bd3 Nxd4 19. cxd4 Kf8 20. Rbc1 Nd7 21. Rxc8 Rxc8 22. Be3 Nb8 23. Rc1 Rxc1 24. Kxc1 Nc6 25. Kd2 Bxd4 26. Bxd4 Nxd4 27. Ke3 Nxb3 28. Bc2 Nc5 29. Kd4 Ke8 30. Kd5 Kd7 31. Kc4 Kc6 32. f4 Ne6 33. f5 Ng5 34. h4 Nf3 35. h5 gxh5 36. Bd1 Ne5+ 37. Kd4 h4 38. Be2 h3 39. Bf1 h2 40. Bg2 b5 41. f4 Ng4 42. e5+ Kd7 43. axb5 axb5 44. exd6 Kxd6 45. Kc3 Nf2 46. Kb4 h1Q 47. Bxh1 Nxh1 48. Kxb5 h5 49. Kc4 h4 50. Kd4 h3 51. Ke3 h2 52. Kf3 Ng3 53. Kxg3 h1Q 54. Kg4 f6 55. Kg3 Qh5 56. Kg2 Qh4 57. Kg1 Qh3 58. Kf2 Kd5 59. Kg1 Qb3 60. Kf2 Ke4 61. Ke2 Qc2+ 62. Ke1 Ke3 63. Kf1 Qf2# 0-1

[Event "GER-chT U16"]
[Site "Walldorf"]
[Date "2017.12.28"]
[Round "3.4"]
[White "Stepanski, Daniel"]
[Black "Stepanov, Maximilian"]
[Result "1/2-1/2"]
[WhiteElo "1320"]
[BlackElo "1498"]
[PlyCount "67"]
[EventDate "2017.12.26"]
[EventType "team-swiss"]
[EventRounds "7"]
[EventCountry "GER"]
[SourceTitle "CBM 182 Extra"]
[Source "ChessBase"]
[SourceDate "2018.02.23"]
[SourceVersion "1"]
[SourceVersionDate "2018.02.23"]
[SourceQuality "1"]
[WhiteTeam "Walldorf"]
[BlackTeam "Graefelfing"]
[WhiteTeamCountry "GER"]
[BlackTeamCountry "GER"]

1. d4 d5 2. c4 c6 3. Nc3 Nf6 4. Bg5 e6 5. e3 Bb4 6. Nge2 h6 7. Bh4 Nbd7 8. a3 Bxc3+ 9. Nxc3 0-0 10. Rc1 Qe8 11. Bd3 dxc4 12. Bxc4 Nd5 13. 0-0 N7f6 14. Bd3 Qd7 15. Nxd5 Nxd5 16. Qf3 Nc7 17. Bg3 Nd5 18. Be5 f6 19. Bg3 Qf7 20. e4 Nb6 21. Bd6 Rd8 22. e5 f5 23. Qh3 Nd5 24. Be2 Nf4 25. Qf3 Nxe2+ 26. Qxe2 Kh7 27. Rc3 Rg8 28. Rh3 g5 29. Qh5 Qxh5 30. Rxh5 Bd7 31. Rc1 Rg6 32. Rc3 Rag8 33. Rb3 Bc8 34. Bc5 1/2-1/2

[Event "GER-chT U16"]
[Site "Walldorf"]
[Date "2017.12.27"]
[Round "1.4"]
[White "Seref, Erdogan"]
[Black "Stepanov, Maximilian"]
[Result "1-0"]
[WhiteElo "1828"]
[BlackElo "1498"]
[PlyCount "63"]
[EventDate "2017.12.26"]
[EventType "team-swiss"]
[EventRounds "7"]
[EventCountry "GER"]
[SourceTitle "CBM 182 Extra"]
[Source "ChessBase"]
[SourceDate "2018.02.23"]
[SourceVersion "1"]
[SourceVersionDate "2018.02.23"]
[SourceQuality "1"]
[WhiteTeam "Brackel"]
[BlackTeam "Graefelfing"]
[WhiteTeamCountry "GER"]
[BlackTeamCountry "GER"]

1. e4 d6 2. d4 g6 3. Nc3 Bg7 4. Be3 e6 5. Qd2 Nd7 6. Bc4 b6 7. Nge2 Bb7 8. f3 Ne7 9. 0-0-0 Nf8 10. Rhe1 Qd7 11. Bh6 Bxh6 12. Qxh6 Rg8 13. d5 exd5 14. exd5 0-0-0 15. Bb5 Qf5 16. Nd4 Qf6 17. Ne4 Qg7 18. Qxg7 Rxg7 19. Nxd6+ Rxd6 20. Rxe7 Rxd5 21. Re8+ Rd8 22. Rxd8+ Kxd8 23. Ne6+ Ke7 24. Nxg7 f6 25. Re1+ Kf7 26. Ne8 Bc8 27. Bc4+ Be6 28. Rxe6 Nxe6 29. Nxc7 Ke7 30. Nxe6 h6 31. Kd2 Kd6 32. Kd3 1-0

[Event "GER-chT U16"]
[Site "Walldorf"]
[Date "2017.12.27"]
[Round "2.4"]
[White "Stepanov, Maximilian"]
[Black "Kreicarek, Tobias"]
[Result "1/2-1/2"]
[WhiteElo "1498"]
[BlackElo "1415"]
[PlyCount "92"]
[EventDate "2017.12.26"]
[EventType "team-swiss"]
[EventRounds "7"]
[EventCountry "GER"]
[SourceTitle "CBM 182 Extra"]
[Source "ChessBase"]
[SourceDate "2018.02.23"]
[SourceVersion "1"]
[SourceVersionDate "2018.02.23"]
[SourceQuality "1"]
[WhiteTeam "Graefelfing"]
[BlackTeam "Leipzig Turm"]
[WhiteTeamCountry "GER"]
[BlackTeamCountry "GER"]

1. d4 f5 2. c4 Nf6 3. Nc3 g6 4. Nf3 Bg7 5. Bf4 0-0 6. e3 d6 7. Be2 c6 8. 0-0 Re8 9. d5 c5 10. Qd2 Nbd7 11. Rfd1 Nb6 12. Rac1 Bd7 13. b3 Qc7 14. a4 Rad8 15. Bg5 e5 16. dxe6 Bxe6 17. Bxf6 Bxf6 18. Nb5 Qb8 19. Nc3 Rd7 20. a5 Nc8 21. Nd5 Bxd5 22. Qxd5+ Kg7 23. Ne1 Ne7 24. Qd2 Red8 25. Bf3 Nc6 26. Bd5 Nb4 27. e4 Nxd5 28. exd5 Re7 29. Nd3 g5 30. Re1 Rde8 31. Rxe7+ Rxe7 32. b4 b6 33. b5 Qe8 34. axb6 axb6 35. Re1 Rxe1+ 36. Qxe1 Qxe1+ 37. Nxe1 Bd4 38. Kf1 Kf6 39. Ke2 f4 40. f3 h5 41. h3 Kf5 42. Nd3 g4 43. hxg4+ hxg4 44. Ne1 gxf3+ 45. Kxf3 Be3 46. g4+ Kf6 1/2-1/2

[Event "GER-ch U12"]
[Site "Willingen"]
[Date "2017.06.05"]
[Round "4"]
[White "Stepanov, Maximilian"]
[Black "Bethke, Richard"]
[Result "0-1"]
[WhiteElo "1609"]
[BlackElo "2151"]
[PlyCount "110"]
[EventDate "2017.06.04"]
[EventType "swiss"]
[EventRounds "11"]
[EventCountry "GER"]
[SourceTitle "CBM 178 Extra"]
[Source "ChessBase"]
[SourceDate "2017.06.22"]
[SourceVersion "1"]
[SourceVersionDate "2017.06.22"]
[SourceQuality "1"]

1. d4 Nf6 2. g3 d5 3. Bg2 e6 4. Nf3 Nbd7 5. Bg5 h6 6. Bxf6 Qxf6 7. c3 b6 8. Nbd2 Bb7 9. Qc2 c5 10. e3 Rc8 11. Qa4 Bc6 12. Qd1 Be7 13. 0-0 0-0 14. Re1 Qf5 15. Qb1 Qxb1 16. Raxb1 f5 17. Kh1 c4 18. Ng1 b5 19. f4 b4 20. Ngf3 g5 21. Re2 Rb8 22. Ne5 Nxe5 23. fxe5 bxc3 24. bxc3 Rxb1+ 25. Nxb1 Rb8 26. Nd2 Rb2 27. Bf1 Rxa2 28. Nf3 Rxe2 29. Bxe2 Ba4 30. Nd2 a5 31. Kg1 Bc2 32. Nxc4 dxc4 33. Bxc4 Kf7 34. Kf2 a4 35. Ke2 Bb3 36. Bxb3 axb3 37. Kd2 g4 38. Kc1 Bg5 39. Kb2 Bxe3 40. Kxb3 f4 41. gxf4 Bxf4 42. c4 Bxh2 43. c5 g3 44. c6 Ke7 45. c7 Kd7 46. c8Q+ Kxc8 47. d5 g2 48. dxe6 g1Q 49. e7 Qg8+ 50. Kc3 Bxe5+ 51. Kd3 Qd5+ 52. Ke2 Qe4+ 53. Kd2 Bf4+ 54. Kd1 Qd3+ 55. Ke1 Bg3# 0-1

[Event "GER-ch U12"]
[Site "Willingen"]
[Date "2017.06.04"]
[Round "2"]
[White "Stepanov, Maximilian"]
[Black "Lohvinov, Petro"]
[Result "0-1"]
[WhiteElo "1609"]
[BlackElo "1823"]
[PlyCount "76"]
[EventDate "2017.06.04"]
[EventType "swiss"]
[EventRounds "11"]
[EventCountry "GER"]
[SourceTitle "CBM 178 Extra"]
[Source "ChessBase"]
[SourceDate "2017.06.22"]
[SourceVersion "1"]
[SourceVersionDate "2017.06.22"]
[SourceQuality "1"]

1. d4 Nf6 2. g3 e6 3. Bg2 d5 4. Nf3 Be7 5. Bg5 h6 6. Bxf6 Bxf6 7. c3 Nd7 8. Nbd2 0-0 9. 0-0 b6 10. e4 Bb7 11. e5 Be7 12. Nb3 c5 13. Nfd2 Rc8 14. f4 c4 15. Nc1 b5 16. a3 a5 17. f5 exf5 18. Rxf5 Qb6 19. Kh1 f6 20. exf6 Nxf6 21. Re5 Bd6 22. Re6 Rce8 23. Rxe8 Rxe8 24. Qf1 Ng4 25. Bh3 Ne3 26. Qg1 Qd8 27. Nf1 Nc2 28. Rb1 Qf6 29. Na2 Re2 30. Rd1 Ne1 31. Nd2 Nd3 32. Bf1 Nf2+ 33. Kg2 Bc8 34. h3 Bxh3+ 35. Kh2 Bxf1 36. Nxf1 Nxd1+ 37. Kh1 Qf3+ 38. Qg2 Qxg2# 0-1